| 000 | 00740nam a2200217 a 4500 | ||
|---|---|---|---|
| 001 | 39896 | ||
| 003 | BD-RjUL | ||
| 005 | 20211209053101.0 | ||
| 008 | 160419s1964 bg |||| |||| 000 0 ben d | ||
| 020 | _c: Tk. 2.75 | ||
| 035 | _a(BD-RjUL)40010 | ||
| 040 |
_aBD-RjUL _bben _cBD-RjUL |
||
| 041 | _aben | ||
| 082 |
_223 _aB 892.709 _bKHA 1964 |
||
| 100 |
_aখলদুন, ইবনে _9122905 |
||
| 245 | 1 | 0 |
_aআরবী কাব্যতত্ব / _c ইবনে খলদুন ; অনূদিত, আবু রুশদ |
| 260 |
_aঢাকা : _bবাংলা একাডেমী, _c১৯৬৪. |
||
| 300 |
_a[৬], ৮৮ পৃ.; _c২২ সেমি. |
||
| 700 |
_aরুশদ, আবু _9122906 |
||
| 942 |
_2ddc _cBK |
||
| 999 |
_c39896 _d39896 |
||